Calculus : early transcendental functions : single variable /

Saved in:
Bibliographic Details
Main Author: Smith, Robert T.
Other Authors: Minton, Roland B., 1956-
Format: Book
Published: Boston : McGraw-Hill Higher Education, c2007.
Edition:3rd ed.
Subjects:
Tags: Add Tag
No Tags, Be the first to tag this record!

MARC

LEADER 00000cam a2200000 a 4500
020 |a 9780072870305   |c TZS 10,000/= 
040 |a MUL  |b eng  |e AACR 
082 0 0 |a 515 SMI 
100 1 |a Smith, Robert T. 
245 1 0 |a Calculus :  |b early transcendental functions : single variable /  |c Robert T. Smith, Roland B. Minton. 
250 |a 3rd ed. 
260 |a Boston :  |b McGraw-Hill Higher Education,  |c c2007. 
300 |a 1 v. (various pagings) :  |b ill. ;  |c 27 cm. 
500 |a Includes indexes. 
546 |a eng. 
650 0 |a Calculus  |v Textbooks. 
650 0 |a Variables (Mathematics)  |v Textbooks. 
700 1 |a Minton, Roland B.,  |d 1956- 
942 |c BK 
999 |c 2945  |d 2945